[Event "81st Tata Steel Challengers 2019"]
[Site "Wijk aan Zee"]
[Date "2019.01.18"]
[Round "6"]
[White "Keymer, Vincent"]
[Black "Van Foreest, Lucas"]
[Result "1/2-1/2"]
[WhiteElo "2500"]
[BlackElo "2502"]
[Annotator "TA"]
[PlyCount "65"]
[EventDate "2019.01.12"]
[EventType "tourn"]
[EventCountry "NED"]
[SourceTitle "playchess.com"]
[Source "ChessBase"]
[SourceQuality "1"]

{[%evp 10,65,44,27,26,0,-1,-22,-20,-33,18,12,36,36,39,41,64,36,31,21,33,28,37,44,31,41,51,51,45,8,14,0,0,6,8,4,2,12,25,0,18,1,6,4,0,2,46,20,22,25,27,27,33,24,29,0,0,0]} 1. c4 e6 $146 ({Predecessor:} 1... Nf6 2. Nc3 {1-0 (73) Kryvoruchko,Y (2703)-Debashis,D (2518) Dubai 2018}) 2. Nc3 Nf6 3. e4 d5 4. cxd5 exd5 5. e5 Ne4 6. Nf3 ({Much weaker is} 6. Nxe4 dxe4 7. Qa4+ Nc6 $15) 6... Be7 {A18: English Opening: Flohr-Mikenas System (1 c4 Nf6 2 Nc3 e6 3 e4)} 7. Qa4+ Bd7 8. Qb3 Nc5 9. Qd1 ({Predecessor:} 9. Qc2 Bg4 10. d4 Ne6 11. Be3 Bxf3 12. gxf3 c5 13. dxc5 d4 14. O-O-O {1-0 (73) Kryvoruchko,Y (2703)-Debashis,D (2518) Dubai 2018}) 9... Bf5 ({Black should try} 9... d4 $15 10. Nxd4 Be6 11. Bb5+ (11. Nxe6 Nxe6 12. Bb5+ c6 $11) 11... c6 12. Nxe6 Nxe6) 10. d4 $11 Ne4 11. Bd3 $36 {[%mdl 2048] White has the initiative.} O-O 12. O-O c5 13. Be3 (13. dxc5 {looks sharper.} Nxc3 14. bxc3 Bxd3 15. Qxd3 Na6 16. Rd1) 13... cxd4 14. Nxd4 Nxc3 15. bxc3 Bxd3 16. Qxd3 Nd7 17. Nf3 Nc5 18. Bxc5 Bxc5 19. Rfd1 Rc8 20. Rab1 Bb6 21. Rb5 h6 22. Rxd5 Qc7 23. Rc1 Qc4 24. Rc2 Rc6 25. g3 Rfc8 26. Kg2 Qxd3 27. Rxd3 Ba5 28. Rd7 Rxc3 29. Rxc3 Rxc3 30. Rxb7 Rc2 31. Nd4 Rd2 32. Nb3 Rxa2 33. Rxa7 {Accuracy: White = 41%, Black = 73%.} 1/2-1/2

[Event "81st Tata Steel Challengers 2019"]
[Site "Wijk aan Zee"]
[Date "2019.01.18"]
[Round "6"]
[White "Paehtz, Elisabeth"]
[Black "Praggnanandhaa R"]
[Result "1/2-1/2"]
[WhiteElo "2477"]
[BlackElo "2539"]
[Annotator "ChessBase"]
[PlyCount "69"]
[EventDate "2019.01.12"]
[EventType "tourn"]
[EventCountry "NED"]
[SourceTitle "playchess.com"]
[Source "ChessBase"]
[SourceQuality "1"]
[TimeControl "40/6000+30:20/3000+30:900+30"]

1. d4 {[%emt 0:00:00]} Nf6 {[%emt 0:00:00]} 2. c4 {[%emt 0:00:00]} e6 {[%emt 0:00:00]} 3. g3 {[%emt 0:00:00]} d5 {[%emt 0:00:00]} 4. Bg2 {[%emt 0:00:00]} Bb4+ {[%emt 0:00:06]} 5. Bd2 {[%emt 0:00:00]} a5 {[%emt 0:00:05]} 6. Nf3 {[%emt 0:00:07]} dxc4 {[%emt 0:00:06]} 7. a3 {[%emt 0:00:25]} Bxd2+ {[%emt 0:01:38]} 8. Nbxd2 {[%emt 0:00:15]} b5 {[%emt 0:00:39]} 9. b3 {[%emt 0:00:09]} cxb3 {[%emt 0:00:37]} 10. Qxb3 {[%emt 0:00:05]} c6 {[%emt 0:02:58]} 11. Qb2 {[%emt 0:00:13]} O-O {[%emt 0:05:17]} 12. O-O {[%emt 0:00:09]} Bb7 {[%emt 0:06:23]} 13. Ne5 {[%emt 0:06:02]} Qd6 {[%emt 0:03:38]} 14. Rfc1 {[%emt 0:01:45]} Rc8 {[%emt 0:02:48]} 15. Nb3 {[%emt 0:08:39]} Nbd7 {[%emt 0:08:29]} 16. Nxd7 {[%emt 0:22:31]} Nxd7 {[%emt 0:01:45]} 17. Nc5 {[%emt 0:00:19]} Rab8 {[%emt 0:08:01]} 18. Nxd7 {[%emt 0:08:41]} Qxd7 {[%emt 0:00:39]} 19. Rc5 {[%emt 0:00:05]} Ba6 {[%emt 0:01:40]} 20. e3 {[%emt 0:02:24]} Qd8 {[%emt 0:01:51]} 21. Qc2 {[%emt 0:12:12]} Qb6 {[%emt 0:02:28]} 22. Rc1 {[%emt 0:06:50]} b4 {[%emt 0:03:26]} 23. axb4 {[%emt 0:00:10]} axb4 {[%emt 0:01:37]} 24. Qb3 {[%emt 0:00:10]} Be2 {[%emt 0:07:18]} 25. h3 {[%emt 0:08:53]} Qa6 {[%emt 0:04:27]} 26. Bxc6 {[%emt 0:04:01]} Bd3 {[%emt 0:10:58]} 27. Bd7 {[%emt 0:11:03]} Rd8 {[%emt 0:01:16]} 28. Ba4 {[%emt 0:01:34]} Be4 {[%emt 0:03:53]} 29. Bc6 {[%emt 0:00:34]} Qd3 {[%emt 0:04:07]} 30. Qb2 {[%emt 0:02:13]} Bf5 {[%emt 0:03:27]} 31. Bg2 {[%emt 0:00:54]} h6 {[%emt 0:08:10]} 32. R5c4 {[%emt 0:01:17]} b3 {[%emt 0:05:39]} 33. Bf1 {[%emt 0:00:14]} Qe4 {[%emt 0:00:16]} 34. Bg2 {[%emt 0:00:04]} Qd3 {[%emt 0:00:15]} 35. Bf1 {[%emt 0:09:12]} 1/2-1/2

[Event "81st Tata Steel Challengers 2019"]
[Site "Wijk aan Zee"]
[Date "2019.01.18"]
[Round "6"]
[White "Kuipers, Stefan"]
[Black "Esipenko, Andrey"]
[Result "1/2-1/2"]
[WhiteElo "2470"]
[BlackElo "2584"]
[Annotator "TA"]
[PlyCount "69"]
[EventDate "2019.01.12"]
[EventType "tourn"]
[EventCountry "NED"]
[SourceTitle "playchess.com"]
[Source "ChessBase"]
[SourceQuality "1"]

{[%evp 16,69,28,-12,16,3,33,16,15,17,52,27,60,48,51,52,47,45,56,45,77,69,72,63,70,52,46,50,86,84,101,108,143,139,152,137,130,47,52,48,36,39,68,6,16,0,67,69,62,65,78,45,48,49,61,39]} 1. e4 e5 2. Nf3 Nc6 3. Bc4 Bc5 4. c3 Nf6 5. d3 d6 6. Bg5 h6 7. Bh4 g5 8. Bg3 O-O {C54: Giuoco Piano: 4 c3 Nf6, main lines with 5 d4 and 5 d3} 9. Bb3 {LiveBook: 4 Games} (9. a4 a6 10. Qd2 Nh5 11. h4 Nxg3 12. fxg3 g4 13. Qxh6 gxf3 14. Qg6+ Kh8 15. Qh6+ Kg8 16. Qg6+ Kh8 {½-½ (16) Vachier Lagrave,M (2796)-Karjakin,S (2781) Paris 2017}) 9... a6 10. Nbd2 Ba7 {The position is equal.} 11. Qe2 Nh5 12. h3 $146 {[%cal Bh2h3,Bh3h4,Bh4h5][%mdl 32]} ({Predecessor:} 12. O-O-O Qf6 13. h3 b5 14. Bh2 {0-1 (29) Koronowski,H (1991)-Giesemann,S (2079) GER email 2013}) 12... Ne7 13. Nh2 $1 Nf4 14. Bxf4 gxf4 15. g3 {And now Qh5 would win.} Ng6 16. h4 Qf6 17. Qf3 Kh8 18. h5 Ne7 19. gxf4 Qxf4 20. Qxf4 exf4 21. Nhf3 b5 22. Rh4 Be6 23. Rxf4 Bxb3 24. axb3 f5 25. Kf1 Bb6 26. Re1 (26. e5 $16) 26... fxe4 $14 27. Rxf8+ Rxf8 28. dxe4 d5 29. Kg2 (29. c4 $14) 29... Rg8+ $11 30. Kf1 ({White should play} 30. Kh3 $11) 30... Rf8 $14 31. c4 dxe4 32. Rxe4 Ng8 33. cxb5 axb5 34. Re5 Nf6 35. Rxb5 {Accuracy: White = 66%, Black = 57%.} 1/2-1/2

[Event "81st Tata Steel Challengers 2019"]
[Site "Wijk aan Zee"]
[Date "2019.01.19"]
[Round "7"]
[White "Bareev, Evgeny"]
[Black "Kovalev, Vladislav"]
[Result "1/2-1/2"]
[WhiteElo "2650"]
[BlackElo "2687"]
[Annotator "TA"]
[PlyCount "51"]
[EventDate "2019.01.12"]
[EventType "tourn"]
[EventCountry "NED"]
[SourceTitle "playchess.com"]
[Source "ChessBase"]
[SourceQuality "1"]

{[%evp 19,51,10,8,6,26,0,21,12,0,6,17,14,22,26,26,21,28,0,0,0,36,40,38,25,25,23,42,45,41,46,42,40,25,0]} 1. d4 Nf6 2. c4 (2. Nf3 e6 {0-1 (120) Dreev,A (2670)-Ghaem Maghami,E (2537) St Petersburg 2018}) 2... e6 3. Nf3 Bb4+ 4. Nbd2 O-O $146 (4... d5 5. e3 O-O 6. a3 {0-1 (120) Dreev,A (2670)-Ghaem Maghami,E (2537) St Petersburg 2018}) ({Predecessor:} 4... b6 5. e3 Bb7 6. Bd3 O-O 7. O-O d5 8. a3 Be7 9. b3 c5 10. cxd5 exd5 11. Bb2 {½-½ (38) Solana Suarez,E (2335)-Giffard,N (2380) Las Palmas 1993}) 5. a3 Be7 6. e3 d5 7. Bd3 (7. b3 b6 8. Bb2 Bb7 9. Bd3 Nbd7 {0-1 (120) Dreev,A (2670)-Ghaem Maghami,E (2537) St Petersburg 2018}) 7... b6 8. O-O Nbd7 9. b3 Bb7 10. Bb2 c5 11. cxd5 {E14: Queen's Indian: Classical Variation (4 e3)} exd5 (11... Nxd5 12. Rc1 a6 13. Bb1 Rc8 14. Qe2 b5 15. Rfd1 cxd4 16. Nxd4 Rxc1 17. Rxc1 Qa8 18. N2f3 N5f6 19. h3 Rc8 20. Qe1 {0-1 (120) Dreev,A (2670)-Ghaem Maghami,E (2537) St Petersburg 2018}) 12. Qe2 Re8 ({Predecessor:} 12... a6 13. Rfd1 {½-½ (38) Solana Suarez,E (2335)-Giffard,N (2380) Las Palmas 1993}) 13. Rfd1 {The position is equal.} a6 14. Ne5 ({Predecessor:} 14. Nf1 Bd6 15. Ng3 g6 16. dxc5 bxc5 17. b4 {½-½ (38) Solana Suarez,E (2335)-Giffard,N (2380) Las Palmas 1993}) 14... Bd6 {[%cal Rd7e5]} 15. Nxd7 Nxd7 ({Don't blunder} 15... Qxd7 $2 16. dxc5 Be5 17. Bxe5 $18) 16. Nf3 Qe7 17. h3 g6 18. dxc5 bxc5 19. b4 d4 (19... c4 $5 {[%cal Rc4d3]} 20. Bc2 Ne5 $11) 20. bxc5 Nxc5 {[%cal Rd4e3]} 21. Bxd4 Nb3 22. Ra2 Bxa3 23. Bc4 Nxd4 24. Rxd4 Bc5 {[#] Threatens to win with ...Bxf3.} 25. Rf4 Rf8 26. Bxa6 {Accuracy: White = 58%, Black = 46%.} 1/2-1/2

[Event "81st Tata Steel Challengers 2019"]
[Site "Wijk aan Zee"]
[Date "2019.01.19"]
[Round "7"]
[White "Gledura, Benjamin"]
[Black "Keymer, Vincent"]
[Result "1-0"]
[WhiteElo "2615"]
[BlackElo "2500"]
[Annotator "TA"]
[PlyCount "65"]
[EventDate "2019.01.12"]
[EventType "tourn"]
[EventCountry "NED"]
[SourceTitle "playchess.com"]
[Source "ChessBase"]
[SourceQuality "1"]

{[%evp 9,65,15,16,18,10,10,12,18,24,14,17,16,13,0,4,-11,12,13,4,13,31,31,31,29,33,28,67,66,56,64,56,78,28,43,223,221,224,224,216,210,218,219,218,91,89,85,142,137,143,143,258,258,629,609,870,868,808,803]} 1. Nf3 d5 2. g3 ({Predecessor:} 2. c4 c6 3. g3 Nf6 4. Bg2 Bg4 5. O-O Nbd7 6. cxd5 cxd5 7. h3 Bh5 8. Nc3 e6 {½-½ (65) Saifullin,R (2094)-Kudojarov,M (1936) Sterlitamak 2012}) 2... c6 3. Bg2 Nf6 4. O-O Bg4 5. d4 $146 (5. h3 Bh5 6. d4 {½-½ (31) Svidler,P (2768)-Karjakin,S (2753) Wijk aan Zee 2018}) 5... e6 6. h3 {D02: 1 d4 d5 2 Nf3 sidelines, including 2...Nf6 3 g3 and 2...Nf6 3 Bf4} Bh5 7. c4 Nbd7 8. cxd5 {The position is equal.} cxd5 (8... exd5 9. Ne5 Ne4 10. Nd2 Nxd2 11. Bxd2 Nxe5 12. dxe5 Bc5 13. Kh2 O-O {½-½ (31) Svidler,P (2768)-Karjakin,S (2753) Wijk aan Zee 2018}) 9. Nc3 Be7 10. Ne5 O-O ({Predecessor:} 10... Nxe5 11. dxe5 Nd7 12. f4 f5 13. Qb3 Qb6+ 14. Qxb6 Nxb6 {½-½ (65) Saifullin,R (2094)-Kudojarov,M (1936) Sterlitamak 2012}) 11. g4 Bg6 $1 12. f4 Bd6 13. Qb3 Nb6 14. a4 {[%cal Ba2a4,Ba4a5][%mdl 32]} Rc8 15. f5 exf5 16. gxf5 Bh5 17. Bg5 $36 {[%mdl 2048] White fights for an advantage.} Re8 18. a5 Nc4 19. Nxd5 {[%cal Bc3d5,Bd5f4,Bf4h5][%mdl 32]} Nxe5 20. dxe5 Rxe5 21. e4 {And now Nf4 would win.} h6 $2 (21... Re8 $1 $14) 22. Bxf6 $1 $18 gxf6 {[#]} 23. Nf4 $1 {[%mdl 64] Trapped Piece} ({Not} 23. Qxb7 Be2 $14) 23... Rxa5 24. Nxh5 Rxa1 25. Rxa1 Be5 26. Kh1 ({Don't play} 26. Qxb7 $6 Rc2 $16) (26. Rd1 $18 {has better winning chances.} Qc7 27. Bf3) 26... Qd2 $16 {( -> ...Rc1+)} 27. Qd1 Qxd1+ ({Black should try} 27... Qxb2 28. Rb1 (28. Rxa7 $2 Rc1 $19) 28... Qc2) 28. Rxd1 Kf8 29. Bf1 {Threatens to win with Rd7.} Rc2 {[#]} (29... Ke7 $16 30. Rd2 Rc1) 30. Rd7 $1 $18 Rxb2 $2 (30... b5 31. Rxa7 Rxb2) 31. Bc4 {White is clearly winning.} b5 32. Rxf7+ Ke8 33. Be6 {Accuracy: White = 75%, Black = 45%.} 1-0

[Event "81st Tata Steel Challengers 2019"]
[Site "Wijk aan Zee"]
[Date "2019.01.19"]
[Round "7"]
[White "Chigaev, Maksim"]
[Black "Paehtz, Elisabeth"]
[Result "1-0"]
[WhiteElo "2604"]
[BlackElo "2477"]
[Annotator "TA RC"]
[PlyCount "101"]
[EventDate "2019.01.12"]
[EventType "tourn"]
[EventCountry "NED"]
[SourceTitle "playchess.com"]
[Source "ChessBase"]
[SourceQuality "1"]

{[%evp 17,101,41,43,47,35,36,85,66,63,24,22,22,27,27,27,29,39,40,40,8,25,17,28,31,24,21,26,14,14,15,19,22,34,34,28,14,99,99,99,99,99,99,99,99,99,99,99,99,99,99,99,31,99,99,99,99,113,99,104,111,114,111,111,111,111,111,118,114,118,118,139,139,139,139,139,139,99,99,1730,976,6370,6087,5512,5405,1466,877]} 1. e4 c5 2. Nf3 d6 3. d4 Nf6 4. Nc3 cxd4 5. Nxd4 a6 6. h3 g6 7. g4 Bg7 8. Bg2 h5 {B90: Sicilian Najdorf: Unusual White 6th moves, 6 Be3 Ng4 and 6 Be3 e5} (8... O-O 9. Be3 Nc6 10. Qd2 Bd7 11. O-O-O Rc8 12. Nde2 b5 13. Nd5 a5 14. Bb6 Qe8 15. Kb1 Rb8 16. Be3 {½-½ (33) Radjabov,T (2738)-Smirin,I (2655) Baku 2015}) 9. g5 Nfd7 {LiveBook: 14 Games} 10. Nde2 Nc6 {White is slightly better.} 11. f4 Nb6 $146 ({Predecessor:} 11... O-O 12. Be3 Rb8 13. O-O Nc5 14. Qe1 f6 {½-½ (46) Blaich,G-Geyer,B Eppingen 1988}) 12. O-O e6 13. e5 (13. a4 {keeps more tension.} d5 14. a5 Nc4 15. exd5 exd5 16. Nxd5 O-O 17. c3) 13... dxe5 14. Bxc6+ bxc6 15. Qxd8+ Kxd8 16. fxe5 Bxe5 17. Rxf7 {Threatens to win with Bf4.} Ke8 18. Rf2 Nd5 19. Bd2 Rf8 20. Rxf8+ Kxf8 21. Na4 Rb8 22. c4 Nb6 23. Rf1+ Kg7 24. Nxb6 Rxb6 25. b3 Rb7 26. h4 Rf7 (26... Bb8 $11 {keeps the balance.}) 27. Bc3 $16 Bxc3 28. Nxc3 Rxf1+ 29. Kxf1 {[%mdl 4096] Endgame KB-KN} Kf7 30. Ne4 Ke7 31. Ke2 e5 32. b4 Bg4+ 33. Kd3 Bf5 34. a3 (34. a4 $16) 34... Bc8 (34... c5 $1 $14) 35. Nc5 Kd6 36. Ke3 Kc7 37. Ne4 Bh3 38. Nd2 Kd6 39. Kd3 Bg4 40. Ne4+ Kc7 41. Nc5 Bc8 42. a4 {[%cal Ba3a4,Ba4b5][%mdl 32]} Kd6 43. Kc3 Kc7 44. b5 cxb5 45. cxb5 axb5 46. axb5 Bf5 47. Kc4 {[#] Strongly threatening Kd5.} Kb6 $2 {[%mdl 8192]} (47... Kd6 $16) 48. Na4+ {White is clearly winning.} Ka5 49. Nc3 e4 50. Kd4 Kb6 51. Nxe4 {Precision: White = 79%, Black = 47%.} 1-0

[Event "81st Tata Steel Challengers 2019"]
[Site "Wijk aan Zee"]
[Date "2019.01.19"]
[Round "7"]
[White "Esipenko, Andrey"]
[Black "Korobov, Anton"]
[Result "1-0"]
[WhiteElo "2584"]
[BlackElo "2699"]
[Annotator "TA"]
[PlyCount "81"]
[EventDate "2019.01.12"]
[EventType "tourn"]
[EventCountry "NED"]
[SourceTitle "playchess.com"]
[Source "ChessBase"]
[SourceQuality "1"]

{[%evp 26,81,-2,0,56,11,42,-55,31,0,195,205,197,175,186,143,248,259,245,226,233,233,247,240,235,223,214,223,255,231,238,179,254,241,256,191,180,168,244,256,255,223,283,280,276,266,272,253,1354,1261,1352,1345,1325,1328,1170,876,856,818]} 1. d4 d5 2. c4 c6 3. Nf3 Nf6 4. Nc3 e6 5. Bg5 h6 6. Bh4 dxc4 7. e4 g5 8. Bg3 b5 9. Be2 Bb7 10. Ne5 {D43: Semi-Slav: 5 Bg5 h6} Nbd7 11. O-O Bg7 12. Nxf7 Kxf7 13. e5 Nd5 14. Ne4 $1 {[%cal Re4d6] LiveBook: 15 Games. next Nd6+ is good for White.} Qb6 ({Black should try} 14... Bc8 $11) 15. Nd6+ $1 $14 Ke7 $1 {White must now prevent ...c5.} 16. a4 {[#]} (16. Bg4 $14) 16... a5 $146 (16... Raf8 $15 17. Qb1 Qxd4 18. Nxb7 Qb6) ({Predecessor:} 16... Raf8 17. Bf3 a6 18. Bxd5 cxd5 19. axb5 axb5 {½-½ (51) Grischuk,A (2767)-Ding,L (2769) Berlin 2018}) 17. Bf3 Rhf8 $2 (17... Ba6 $1 $11) 18. Bxd5 $1 $18 cxd5 19. axb5 Rf5 20. Kh1 Kf8 (20... Raf8 $16) 21. f4 $1 {[%cal Rf4g5]} Kg8 22. Nxf5 exf5 23. fxg5 Nf8 24. gxh6 ({Weaker is} 24. Rxf5 Bc8 $16) 24... Qxh6 25. Rxf5 Bc8 26. Rf1 Be6 27. Qe1 Qg6 28. Qd2 ({Much less strong is} 28. Rxa5 $6 Rxa5 29. Qxa5 Qd3 $16) 28... Nd7 (28... Qd3 {is a better defense.} 29. Qf2 Ng6) 29. Bh4 Bh6 30. Qe1 Qe4 31. Qf2 Kh7 (31... Qe3 $142 32. Qxe3 Bxe3) 32. Ra3 $1 Rf8 33. Bf6 $1 Nxf6 34. exf6 Bg5 {[#]} 35. b6 $1 Rxf6 {[#]} 36. Rf3 $1 {[%cal Rf3f6]} Rxf3 $2 (36... Bh4 37. Qg1 Rxf3 38. Rxf3 Bc8) 37. Qxf3 {White is clearly winning.} Qxd4 38. Qg3 Bf6 39. b7 Be5 {[#]} 40. b8=Q $1 {[%mdl 512]} Bxg3 (40... Bxb8 41. Qxb8) 41. hxg3 {Precision: White = 80%, Black = 37%.} 1-0

[Event "81st Tata Steel Challengers 2019"]
[Site "Wijk aan Zee"]
[Date "2019.01.19"]
[Round "7"]
[White "Praggnanandhaa R"]
[Black "Kuipers, Stefan"]
[Result "1-0"]
[WhiteElo "2539"]
[BlackElo "2470"]
[Annotator "TA"]
[PlyCount "45"]
[EventDate "2019.01.12"]
[EventType "tourn"]
[EventCountry "NED"]
[SourceTitle "playchess.com"]
[Source "ChessBase"]
[SourceQuality "1"]

{[%evp 25,45,0,0,-1,29,29,34,31,28,27,110,112,115,105,165,162,133,143,189,186,562,549]} 1. e4 e6 2. d4 d5 3. Nc3 Nf6 4. e5 Nfd7 5. f4 c5 6. Nf3 Nc6 7. Be3 a6 8. Qd2 b5 9. dxc5 Bxc5 10. Bd3 {C11: French: Classical System: 4 e5 and 4 Bg5 dxe4} (10. Ne2 O-O 11. Ned4 Qb6 12. c3 b4 13. Bd3 a5 14. O-O Ba6 15. Kh1 Bxd3 16. Qxd3 Qa6 17. Qc2 bxc3 18. bxc3 {½-½ (31) Dominguez Perez,L (2739)-So,W (2788) Saint Louis 2017}) 10... Qb6 11. Bf2 h6 12. O-O O-O 13. a3 Ra7 {LiveBook: 7 Games} 14. h3 f6 15. exf6 Nxf6 {[#]} 16. Rae1 $146 ({Predecessor:} 16. b4 Bxf2+ 17. Qxf2 Qb8 {½-½ (43) Brkic,A (2565)-Schneider Zinner,H (2393) St Veit 2017}) 16... Nh5 17. Ne2 b4 (17... Nf6 $11) 18. axb4 $16 Bxf2+ 19. Rxf2 Nxb4 (19... Rd7 $16 {was necessary.}) 20. Bg6 $18 Nf6 21. Ned4 Re7 22. Ne5 {[#] Hoping for c3.} Nd7 $2 (22... a5 23. g4 Ne4 24. Bxe4 dxe4 25. Rxe4 Rd8) 23. c3 1-0

[Event "81st Tata Steel Challengers 2019"]
[Site "Wijk aan Zee"]
[Date "2019.01.19"]
[Round "7"]
[White "Van Foreest, Lucas"]
[Black "Maghsoodloo, Parham"]
[Result "1/2-1/2"]
[WhiteElo "2502"]
[BlackElo "2679"]
[Annotator "TA"]
[PlyCount "94"]
[EventDate "2019.01.12"]
[EventType "tourn"]
[EventCountry "NED"]
[SourceTitle "playchess.com"]
[Source "ChessBase"]
[SourceQuality "1"]

{[%evp 15,94,31,35,25,20,27,28,18,37,0,0,0,12,0,0,0,0,0,5,0,80,57,64,1,56,0,53,68,71,57,108,118,104,113,118,122,111,131,133,128,128,132,146,133,131,131,137,129,131,131,139,128,139,139,140,129,157,145,141,146,155,165,138,148,186,136,141,157,184,80,129,47,52,45,41,52,72,38,39,29,31]} 1. e4 g6 2. d4 Bg7 3. Nf3 d6 4. Nc3 Nc6 5. Be2 Nf6 6. O-O O-O 7. h3 a6 8. Be3 {B08: Pirc Defence: Classical System} (8. Re1 e5 9. dxe5 dxe5 10. Bg5 Be6 11. Qc1 Qe8 12. Be3 Qe7 13. Ng5 Nd4 14. Nxe6 Nxe2+ 15. Rxe2 Qxe6 {½-½ (42) Kobalia,M (2619)-Fedoseev,V (2707) Satka 2018}) 8... e6 {LiveBook: 6 Games} 9. Qc1 b5 10. a3 {The position is equal.} Bb7 11. Rd1 $146 ({Predecessor:} 11. Bg5 Ne7 12. Qe3 Nd7 13. Rad1 Qe8 14. Rfe1 f6 {½-½ (79) Hamdani,R (2296)-Ahmadinia,E (2430) Jakarta 2011}) 11... Ne7 12. Nd2 Qe8 13. Bd3 Nd7 14. Nb3 f5 15. f3 fxe4 16. fxe4 Rc8 17. a4 c6 (17... b4 $11 {remains equal.} 18. Ne2 Rb8) 18. axb5 cxb5 19. Qd2 (19. Ne2 $14) 19... Nc6 (19... Nf6 $1 $11) 20. Ne2 ({Better is} 20. Rf1 $14) 20... Qe7 (20... Nb6 $1 $11) 21. c3 $14 Nf6 22. Bg5 e5 (22... Qc7 $14) 23. d5 $16 Nd8 24. Na5 Nf7 {[#]} 25. Be3 $1 Nh5 26. Rf1 Nf4 27. Nxf4 exf4 28. Bxf4 Ne5 29. Be2 Rce8 30. Rae1 Qc7 31. Nb3 {[%cal Ba5b3,Bb3d4,Bd4f3][%mdl 32]} Bc8 32. Nd4 Bd7 33. Kh1 Qc8 34. Qe3 Re7 35. Bg3 Rxf1+ 36. Rxf1 Qe8 37. Nf3 Ng4 38. Qb6 ({Worse is} 38. hxg4 Rxe4 39. Qa7 Rxe2 $11) 38... Rxe4 39. Bd3 Ne3 40. Rg1 ({And not} 40. Bxd6 Nxf1 41. Bxe4 Qxe4 $11) 40... Nf5 41. Bf2 ({Much weaker is} 41. Bxd6 $6 Nxd6 42. Qxd6 Re3 $11) 41... Rf4 {[#]} 42. Qxa6 (42. Re1 $1 $18 {[%cal Re1e8] is more deadly.} Qc8 43. Kg1) 42... b4 43. Bxf5 (43. Qb6 $16) 43... Rxf5 $14 44. Qxd6 {Threatens to win with Re1.} bxc3 45. bxc3 {And now Re1 would win.} Bf8 46. Qb6 Qf7 {aiming for ...Rxf3.} 47. Qe3 {Hoping for c4.} Qxd5 {Accuracy: White = 64%, Black = 65%.} 1/2-1/2

[Event "81st Tata Steel Challengers 2019"]
[Site "Wijk aan Zee"]
[Date "2019.01.19"]
[Round "7"]
[White "Saduakassova, Dinara"]
[Black "L'Ami, Erwin"]
[Result "1/2-1/2"]
[WhiteElo "2472"]
[BlackElo "2643"]
[Annotator "TA RC"]
[PlyCount "115"]
[EventDate "2019.01.12"]
[EventType "tourn"]
[EventCountry "NED"]
[SourceTitle "playchess.com"]
[Source "ChessBase"]
[SourceQuality "1"]

{[%evp 16,115,66,60,75,51,55,44,143,75,83,75,67,75,62,62,75,77,79,75,83,69,65,43,64,35,47,37,43,29,32,18,30,30,25,10,10,12,50,58,56,57,57,55,45,24,23,16,57,23,55,44,55,50,42,39,22,12,93,89,150,136,125,129,231,231,219,225,255,274,270,258,270,284,278,254,400,399,488,481,451,469,462,453,854,849,633,589,804,573,759,657,587,587,556,133,135,134,127,17,366,0]} 1. d4 f5 2. c4 Nf6 3. Nc3 e6 4. Qc2 Bb4 5. e3 b6 6. Bd3 Bb7 7. f3 Nh5 {A85: Dutch Defence: 2 c4 Nf6 3 Nc3} (7... Qe7 8. Nge2 Nc6 9. a3 Bxc3+ 10. Qxc3 d5 11. O-O dxc4 12. Bxc4 O-O-O 13. Nf4 Nd5 14. Nxd5 exd5 15. Bd3 {1-0 (33) Inarkiev,E (2668)-Pridorozhni,A (2556) Kaliningrad 2015}) 8. Nge2 Qh4+ 9. g3 {LiveBook: 3 Games} Bxc3+ {White is slightly better.} 10. bxc3 Qe7 11. O-O Nf6 ({Black should play} 11... O-O $14) 12. c5 $146 (12. e4 $142) ({Predecessor:} 12. e4 fxe4 13. fxe4 e5 14. dxe5 Ng4 15. Nd4 {1-0 (40) Benitah,Y (2377)-Hisler,T (2240) Metz 2010}) 12... O-O $16 13. e4 fxe4 14. fxe4 {Threatens to win with e5.} Nc6 15. Ba3 Ng4 16. Qd2 Rxf1+ 17. Rxf1 {Hoping for Qf4.} Rf8 {Threatening ...Rxf1+.} 18. Rf4 Nh6 19. Rxf8+ Qxf8 20. Qf4 {And now Qxf8+ would win.} (20. Nf4 {feels hotter.} e5 21. Nh3 bxc5 22. Bxc5 d6 23. Ba3) 20... Qxf4 21. Nxf4 Nb8 22. Kg2 Ng4 23. h3 Nf6 24. Kf3 Kf7 25. Ke3 g5 26. Ne2 Na6 27. cxb6 axb6 28. e5 Nd5+ 29. Kd2 h6 30. Be4 {Strongly threatening c4.} Bc6 31. c4 Ne7 32. Bxc6 (32. Nc3 {looks sharper.} Bxe4 33. Nxe4 Nf5 34. Kd3 Ne7 35. h4) 32... dxc6 $14 {[%mdl 4096] Endgame KBN-KNN} 33. Kd3 c5 34. dxc5 $1 bxc5 35. Ke4 Nc6 36. Nc3 Na5 (36... Kg6 $11) 37. Na4 $16 Nb4 ({Better is} 37... Nb7) 38. Nxc5 Nxa2 39. Kd3 Nc6 (39... h5 $16 40. Na6 Kg6 41. Nxc7 Kf5) 40. Kc2 $1 $18 Nxe5 41. Kb3 h5 42. Bb2 Nf3 43. Kxa2 Ng1 44. Be5 c6 45. Nb7 Nxh3 (45... Kg6 $142 46. Nd8 Nxh3 47. Nxc6 Nf2) 46. Nd8+ Kg6 47. Nxc6 Nf2 48. Kb3 Kf5 49. Bb8 h4 (49... Nd3 $142 50. Kc3 Nc5) 50. gxh4 gxh4 51. Nd4+ Kf6 52. Nf3 h3 53. Kc3 Ng4 54. Kd4 Kf5 {intending ...e5+.} 55. Bg3 $2 (55. c5 $1 $18 {[%cal Rc5c6] is the precise move to win. Black must now prevent c6.} e5+ 56. Kc4) 55... e5+ $16 {[#]} 56. Kc3 $1 Ne3 {[#]} 57. Bh2 (57. Nd2 $1 $16) 57... e4 $2 {[%mdl 8192]} (57... Ng4 $11) 58. Ng1 $2 {Precision: White = 55%, Black = 52%.} (58. Nd4+ $18 Kf6 59. c5) 1/2-1/2